000 04447nab a2200325 i 4500
003 BR-BrBNA
005 20240912085804.0
008 240912b2019 bl.qr|pooa||| 00| 0 por |
040 _aBR-BrBNA
_bpor
072 _aS01
072 _aF70
100 _aSantos, Ednalva Alves Vital dos
100 _aSantos, Ivanice da Silva
100 _aLima, Luzivânia de Oliveira Pereira
100 _aSantos, Ana Paula Martins
100 _aLima, Aline Daniele Cunha
100 _aLima, Anny Kelly Vasconcelos de Oliveira
245 _aLevantamento etnobotânico de espécies medicinais utilizadas por agricultores de comunidades rurais da Paraíba e Rio Grande do Norte
500 _aPublicação on-line; 19 ref.; 2 tables; 2 illus.; Summaries (En, Pt)
520 _a RESUMO: O presente trabalho realizou um levantamento etnobotânico em comunidades rurais nos municípios de Barra de Santa Rosa, Cuité e Nova Floresta (Curimataú ocidental), Baraúna, Picuí (Seridó oriental), e Jaçanã (Borborema potiguar) no Rio Grande do Norte. Aplicou-se um questionário semiestruturados com 50 moradores, com questões socioeconômicas, como também etnobotânicas sobre as principais plantas medicinais utilizadas, suas indicações, forma de preparo e procedência. Registrou-se um total de 82 espécies de plantas distribuídas em 44 famílias. A família Fabaceae se destaca pelo maior número de espécies utilizadas, compreendendo dez espécies, seguida da família Euphorbiaceae com seis espécies. As Famílias Fabaceae, Lamiaceae, Verbenaceae e Poaceae se destacaram com relação ao maior número de citação de espécies, inferindo um total de vinte citações para o Hortelã da folha grossa (Plectranthus amboinicus, vinte citações para Erva cideira (Lippia thymoides), dezoito citações para o cumaru (Amburana cearensis, e dezessete citações para o Capim santo (Cymbopogon citratus. Conclui-se, portanto, que o uso de plantas medicinais é bastante difundido nas regiões pesquisadas, sendo de suma importância que o conhecimento tradicional fitoterápico tenha espaço na sociedade de forma mais efetiva, não se remetendo apenas a zona rural, mas galgando espaço nas cidades também como forma de estabelecer a saúde e a cultura da região. Palavras chaves: Planta medicinal, Cultura, Semiárido.
520 _a ABSTRACT: Ethnobotanical survey of medicinal species used by farmers of rural communities of Paraíba and Rio Grande do Norte. The present work carried out an ethnobotanical survey in rural communities in the municipalities of Barra de Santa Rosa, Cuité and Nova Floresta (Western Curimataú), Baraúna, Picuí (Eastern Seridó), and Jaçanã (Borborema potiguar) in Rio Grande do Norte. A semi-structured questionnaire was applied with 50 residents, with socioeconomic and ethnobotanical questions about the main medicinal plants used, their indications, form of preparation and origin. A total of 82 plant species were distributed in 44 families. The Fabaceae family stands out for the greater number of species used, comprising ten species, followed by the Euphorbiaceae family with six species. The families Fabaceae, Lamiaceae, Verbenaceae and Poaceae were distinguished in relation to the largest number of species citations, inferring a total of twenty citations for the thick leaf mint (Plectranthus amboinicus, twenty citations for Erva cideira (Lippia thymoides), eighteen citations for cumaru (Amburana cearensis, and seventeen citations for Capim santo (Cymbopogon citratus). The use of medicinal plants is widespread in the regions surveyed. It is of the utmost importance that traditional phytotherapeutic knowledge has space in society more effectively, not only referring to rural areas, but also providing space in cities as a way to establish health and the culture of the region. Key words: Medicinal plant, Culture, Semiarid.
650 _aPLANTA MEDICINAL
650 _aETNOBOTÂNICA
650 _aSEMIÁRIDO
650 _aCOMUNIDADE RURAL
773 0 _03543
_9317962
_dBotucatu-SP Instituto de Biociências - Departamento de Química e Bioquímica 1998
_o2024-4696
_tRevista Brasileira de Plantas Medicinais (Brazil)
_x1516-0572
_gv. 21(3) p. 217-229; (2019)
_wBR2024002549
856 _uhttps://www.sbpmed.org.br/admin/files/papers/file_zWzqXTjRAio5.pdf
942 _cAnalítica
999 _c301192
_d301192